000 00611nam a2200145 a 4500
008 101102s2006 ||||||||||||||||| || |
050 _aCBU-SB(05)JB
100 _aMungule, Oswald
245 1 0 _aApplications of the Integrated Activity-Based Costing and Economic Value Added Model to manufacturing firms
260 _aKitwe
_bCopperbelt University School of Business
_c2006
300 _a99-113pp.
350 _a0.00
650 0 _aBUSINESS
995 _D0.00
_FCBU-MAIN LIBRARY (Kitwe)
_H1
_I0.00
_M1
_UAVAILABLE
_WNov 2, 2010
_ZInternational Publications
999 _c34533
_d34533